000 00854nam a2200253 i 4500
001 180317
003 ES-MaACL
005 20240529101716.0
008 120528s1994 sp | |||| ||spa d
020 _a84-7506-413-2
080 _a821.134.2-22"16"
100 1 _aMolina, Tirso de,
_d1579-1648
_9226522
245 1 0 _aDeleitar aprovechando /
_cTirso de Molina ; [edición y prólogo de Pilar Palomo e Isabel Prieto].
260 _aMadrid :
_bTurner,
_c[1994]
300 _aXXV, 950 p. ;
_c23 cm.
490 1 _aBiblioteca Castro
490 1 _aObras completas de Tirso de Molina ;
_v2
700 1 _aPalomo, María del Pilar,
_d1933-
_9144616
700 1 _aPrieto, Isabel.
_9150141
830 0 _aBiblioteca Castro
_9178957
830 0 _aObras completas de Tirso de Molina ;
_v2
_9191247
852 _aES-MaACL
_jL-29897
999 _c180317
_d180317